000 00379nam a22001457a 4500
003 OSt
005 20251021113822.0
008 251021b |||||||| |||| 00| 0 eng d
020 _a996647238X
040 _cPHOENIX PUBLISHERS
050 _aPL 8704 .W35 2003
245 _aMGOMBA CHANGARAWENI
_cWALIBORA, KEN
260 _aNAIROBI
_bPHOENIX PUBLISHERS LTD
_c2003
942 _2lcc
_cBK
_n0
999 _c9687
_d9687